[Event "Spiltan Fonder IM 2007"]
[Site "?"]
[Date "2007.08.16"]
[Round "6"]
[White "Zimmerman, Julian"]
[Black "Vas, Peter"]
[Result "1/2-1/2"]
[WhiteElo "2327"]
[BlackElo "2138"]
[PlyCount "207"]
[EventDate "2007.08.11"]
[SourceDate "2007.08.11"]

1. e4 e5 2. Nf3 Nf6 3. d4 exd4 4. e5 Ne4 5. Qxd4 d5 6. exd6 Nxd6 7. Nc3 Nc6 8.
Qf4 g6 9. Bd2 Bg7 10. O-O-O O-O 11. h4 h5 12. Nd5 Be6 13. Bc3 Bxd5 14. Rxd5
Bxc3 15. bxc3 Kg7 16. g4 hxg4 17. Ng5 Qf6 18. Qxf6+ Kxf6 19. Nh7+ Ke6 20. Bg2
Rh8 21. Re1+ Kd7 22. Nf6+ Kc8 23. c4 Rd8 24. h5 gxh5 25. c5 Nc4 26. Rxd8+ Nxd8
27. Re7 a5 28. Re8 Ra6 29. c6 Nd6 30. Rh8 bxc6 31. Rxh5 Kb7 32. Nxg4 Ne6 33.
Rh7 Nf4 34. Bf3 Nd5 35. Ne5 f6 36. Nf7 Kb6 37. Bxd5 cxd5 38. Nxd6 cxd6 39. Rf7
Kc5 40. Rxf6 Kd4 41. Rf4+ Kc3 42. Rf3+ Kd4 43. Kd2 Rc6 44. Re3 Rc4 45. Ra3 a4
46. Re3 Rc7 47. Rh3 Rf7 48. Rh4+ Kc5 49. Rxa4 Rxf2+ 50. Kc3 d4+ 51. Kb3 Rf3+
52. Kb2 Rf2 53. Ra3 Rf7 54. Rb3 Rf2 55. Rg3 Kc4 56. Rh3 Rg2 57. Rf3 Rh2 58. a3
Rg2 59. Rb3 Kc5 60. a4 Kc4 61. a5 Rg5 62. a6 Rg8 63. a7 Ra8 64. Ra3 Kb4 65. Ka2
Kc4 66. Kb2 Kb4 67. Ra2 Kc4 68. Ra4+ Kb5 69. Kb3 Kc5 70. Ra6 Kb5 71. Ra1 Kc5
72. Ra4 Kb5 73. Rb4+ Kc6 74. Rc4+ Kb6 75. Rxd4 Rxa7 76. Rxd6+ Kc7 77. Rh6 Ra5
78. Kb4 Rg5 79. c4 Rf5 80. Rg6 Rf1 81. Kb5 Rf5+ 82. c5 Rf7 83. Ra6 Rf5 84. Ra7+
Kb8 85. Rg7 Rf6 86. Rh7 Rg6 87. Rf7 Kc8 88. Re7 Rh6 89. Re8+ Kc7 90. Re7+ Kc8
91. Rg7 Rf6 92. Rg2 Kc7 93. Rd2 Rh6 94. Ra2 Rf6 95. Ra7+ Kb8 96. Rd7 Kc8 97.
Rd6 Rxd6 98. cxd6 Kd7 99. Kc5 Kd8 100. Kd5 Kd7 101. Ke5 Kd8 102. Ke6 Ke8 103.
d7+ Kd8 104. Kd6 1/2-1/2

[Event "Spiltan Fonder IM 2007"]
[Site "?"]
[Date "2007.08.16"]
[Round "6"]
[White "Vovk, Ilja"]
[Black "Svensson, Bengt"]
[Result "0-1"]
[WhiteElo "2304"]
[BlackElo "2386"]
[PlyCount "196"]
[EventDate "2007.08.11"]
[SourceDate "2007.08.11"]

1. e4 c5 2. c3 d5 3. exd5 Qxd5 4. d4 Nf6 5. Nf3 Nc6 6. Be3 cxd4 7. cxd4 e6 8.
Nc3 Qd6 9. a3 Be7 10. Bd3 O-O 11. O-O b6 12. Rc1 Bb7 13. Bb1 Rac8 14. Qd3 g6
15. Ba2 Rfd8 16. Rfd1 Ng4 17. Ne4 Qb8 18. h3 Nce5 19. Nxe5 Nxe5 20. Qb1 Qa8 21.
f3 Nd7 22. Rxc8 Rxc8 23. Qd3 Rd8 24. Nc3 Nf6 25. Bg5 Rd7 26. h4 Qd8 27. b4 Nd5
28. Ne4 f5 29. Bxe7 Qxe7 30. Bxd5 Bxd5 31. Ng5 h6 32. Nh3 Qxh4 33. Qe3 Kg7 34.
Nf4 Qf6 35. Rc1 Ba2 36. Rc2 Qxd4 37. Qxd4+ Rxd4 38. Ne2 Rd1+ 39. Kf2 Bd5 40.
Nc3 Rd3 41. Nxd5 Rxd5 42. Rc7+ Kf6 43. Rxa7 Rd2+ 44. Kg3 g5 45. Rh7 Kg6 46. Rb7
f4+ 47. Kh3 Rd1 48. Kh2 Rd6 49. Rb8 Kf5 50. a4 h5 51. Rf8+ Ke5 52. Rh8 Rd4 53.
a5 bxa5 54. bxa5 Ra4 55. Rxh5 Kf5 56. Rh8 Rxa5 57. Rf8+ Kg6 58. Rg8+ Kf7 59.
Rh8 Ra2 60. Kh3 Kf6 61. Rf8+ Kg7 62. Rb8 Re2 63. Ra8 Kf7 64. Rb8 e5 65. Rb6 e4
66. fxe4 Re3+ 67. Kh2 Rxe4 68. Kg1 Re6 69. Rb8 Kg6 70. Kf2 Re3 71. Rg8+ Kf5 72.
Rf8+ Kg4 73. Rh8 Ra3 74. Rg8 Ra2+ 75. Kg1 Rd2 76. Rg7 Kh4 77. Rh7+ Kg3 78. Rh3+
Kg4 79. Kf1 Kf5 80. Rh8 Rb2 81. Rh7 g4 82. Rh8 Rb1+ 83. Ke2 Kg5 84. Rh7 Rb2+
85. Kf1 Rb1+ 86. Ke2 Rb8 87. Kf2 g3+ 88. Ke2 Rb2+ 89. Kf1 Rb1+ 90. Ke2 Rg1 91.
Kf3 Rf1+ 92. Ke4 Re1+ 93. Kd3 Rg1 94. Ke4 Rxg2 95. Rg7+ Kf6 96. Ra7 Rf2 97.
Ra6+ Kg5 98. Ra8 Kg4 0-1

[Event "Spiltan Fonder IM 2007"]
[Site "?"]
[Date "2007.08.17"]
[Round "7"]
[White "Svensson, Bengt"]
[Black "Ask, Josef"]
[Result "1/2-1/2"]
[WhiteElo "2386"]
[BlackElo "2211"]
[PlyCount "44"]
[EventDate "2007.08.11"]
[SourceDate "2007.08.11"]

1. e4 e5 2. Nf3 Nc6 3. Nc3 Nf6 4. Bb5 Nd4 5. Nxd4 exd4 6. e5 dxc3 7. exf6 Qxf6
8. dxc3 Qe5+ 9. Be2 Bc5 10. O-O O-O 11. Bf3 c6 12. Re1 Qf6 13. Be3 Bxe3 14.
Rxe3 d5 15. Bg4 Bxg4 16. Qxg4 Rfe8 17. Rae1 Rxe3 18. Rxe3 Qd6 19. Qh4 f6 20.
Qh5 Qd7 21. h3 Qf7 22. Qe2 Kf8 1/2-1/2

[Event "Spiltan Fonder IM 2007"]
[Site "?"]
[Date "2007.08.17"]
[Round "7"]
[White "Moberg, Karl Johan"]
[Black "Polej, Vladimir"]
[Result "0-1"]
[WhiteElo "2331"]
[BlackElo "2326"]
[PlyCount "60"]
[EventDate "2007.08.11"]
[SourceDate "2007.08.11"]

1. d4 e6 2. c4 Bb4+ 3. Nd2 b6 4. Ngf3 Bb7 5. e3 f5 6. Bd3 Nf6 7. O-O O-O 8. a3
Bd6 9. b4 a5 10. b5 Qe8 11. Qe2 Qh5 12. Ne5 Qh6 13. f4 Be7 14. e4 Nh5 15. g3 g5
16. fxg5 Bxg5 17. Ndf3 Bxc1 18. Raxc1 d6 19. Nc6 Nxc6 20. bxc6 Bxc6 21. exf5
exf5 22. Nh4 Rae8 23. Qf2 f4 24. g4 Nf6 25. Bf5 Ne4 26. Qxf4 Qxh4 27. d5 Bd7
28. Bxd7 Rxf4 29. Rxf4 Rf8 30. Rxe4 Qf2+ 0-1

[Event "Spiltan Fonder IM 2007"]
[Site "?"]
[Date "2007.08.17"]
[Round "7"]
[White "Vas, Peter"]
[Black "Vovk, Ilja"]
[Result "1/2-1/2"]
[WhiteElo "2138"]
[BlackElo "2304"]
[PlyCount "85"]
[EventDate "2007.08.11"]
[SourceDate "2007.08.11"]

1. e4 d5 2. exd5 Qxd5 3. Nc3 Qd6 4. d4 Nf6 5. Bc4 c6 6. a4 g6 7. Nge2 Be6 8.
Bf4 Qd7 9. Bxe6 Qxe6 10. O-O Bg7 11. Re1 O-O 12. Qd2 Na6 13. Nc1 Qd7 14. Nb3
Rad8 15. Rad1 Rfe8 16. Qe2 Nb4 17. Be5 Qf5 18. Bxf6 Bxf6 19. Ne4 Bg7 20. c3 Nd5
21. Nec5 Qc8 22. Nd3 Qc7 23. g3 Qb6 24. Nbc5 a5 25. f4 Qc7 26. Ne5 b6 27. Ne4
Rf8 28. Ng5 Qc8 29. Nef3 c5 30. dxc5 Qxc5+ 31. Nd4 Rfe8 32. Ngf3 e6 33. Ne5 Ne7
34. Qb5 Rc8 35. Kg2 Nd5 36. Qxc5 Rxc5 37. Nb5 Bxe5 38. Rxe5 Rec8 39. Kf3 R8c6
40. Re4 Kg7 41. Red4 Rc4 42. Rxc4 Rxc4 43. Rd4 1/2-1/2

[Event "Spiltan Fonder IM 2007"]
[Site "?"]
[Date "2007.08.17"]
[Round "7"]
[White "Nithander, Victor"]
[Black "Zimmerman, Julian"]
[Result "1-0"]
[WhiteElo "2350"]
[BlackElo "2327"]
[PlyCount "139"]
[EventDate "2007.08.11"]
[SourceDate "2007.08.11"]

1. e4 c5 2. Nf3 d6 3. d4 cxd4 4. Nxd4 Nf6 5. Nc3 a6 6. Be2 e5 7. Nb3 Be7 8. O-O
O-O 9. Kh1 b5 10. a4 b4 11. Nd5 Bb7 12. Nxe7+ Qxe7 13. f3 d5 14. exd5 Bxd5 15.
Bg5 Rd8 16. Qe1 a5 17. Rd1 h6 18. Bh4 Nc6 19. Bb5 Rac8 20. Nc1 Qe6 21. Ne2 Rd6
22. c4 bxc3 23. Nxc3 Bb3 24. Rxd6 Qxd6 25. Bxf6 Qxf6 26. Ne4 Qd8 27. Qg3 Qe7
28. Rc1 Na7 29. Rxc8+ Nxc8 30. Qe1 Qc7 31. Qc3 Qxc3 32. bxc3 Nb6 33. Nc5 Bd5
34. Kg1 Kf8 35. Kf2 Ke7 36. Ke3 Kd6 37. Ne4+ Ke6 38. Nd2 Kd6 39. c4 Bc6 40. Nb3
Nxa4 41. Nxa5 Bxb5 42. cxb5 Nc3 43. Nc4+ Kc5 44. Nxe5 Nxb5 45. Nxf7 Kd5 46. Kf4
Ke6 47. Nd8+ Kf6 48. Nc6 Nc7 49. Nb4 Ne6+ 50. Kg4 Kf7 51. Kf5 Nd4+ 52. Ke5 Nb3
53. Nd3 Na5 54. Kf5 Nb7 55. Ne5+ Kf8 56. Kg6 Nc5 57. g3 Ne6 58. f4 Kg8 59. Nd7
Nd4 60. f5 Nf3 61. h4 Nd4 62. f6 gxf6 63. Nxf6+ Kh8 64. Nh5 Kg8 65. Kxh6 Kh8
66. Kg6 Kg8 67. Nf4 Nf3 68. Nd3 Nd4 69. Ne5 Ne2 70. h5 1-0

[Event "Spiltan Fonder IM 2007"]
[Site "?"]
[Date "2007.08.18"]
[Round "8"]
[White "Polej, Vladimir"]
[Black "Zimmerman, Julian"]
[Result "1-0"]
[WhiteElo "2326"]
[BlackElo "2327"]
[PlyCount "33"]
[EventDate "2007.08.11"]
[SourceDate "2007.08.11"]

1. d4 Nf6 2. Nf3 c5 3. e3 d5 4. c4 cxd4 5. exd4 Nc6 6. Nc3 e6 7. a3 Be7 8. Bd3
O-O 9. O-O dxc4 10. Bxc4 a6 11. Re1 b5 12. Bb3 Bb7 13. Qd3 Re8 14. Bc2 Qd7 15.
d5 Na5 16. Bg5 g6 17. d6 1-0

[Event "Spiltan Fonder IM 2007"]
[Site "?"]
[Date "2007.08.18"]
[Round "8"]
[White "Krivonosov, Oleg"]
[Black "Svensson, Bengt"]
[Result "1/2-1/2"]
[WhiteElo "2437"]
[BlackElo "2386"]
[PlyCount "54"]
[EventDate "2007.08.11"]
[SourceDate "2007.08.11"]

1. d4 d5 2. Nf3 Nf6 3. c4 c6 4. cxd5 cxd5 5. Nc3 Nc6 6. Bf4 Bf5 7. e3 e6 8. Qb3
Bb4 9. Bb5 O-O 10. O-O Bxc3 11. Bxc6 Bxb2 12. Bxb7 Bxa1 13. Rxa1 Rc8 14. Bxc8
Qxc8 15. Qa3 Qb7 16. Rc1 Rc8 17. Rxc8+ Qxc8 18. h3 a6 19. Qe7 Qd7 20. Qb4 Qb5
21. Qxb5 axb5 22. Bd6 Bb1 23. a3 Ne4 24. Bb4 f6 25. Ne1 h5 26. Nf3 Kf7 27. Nd2
Nxd2 1/2-1/2

[Event "Spiltan Fonder IM 2007"]
[Site "?"]
[Date "2007.08.18"]
[Round "8"]
[White "Moberg, Karl Johan"]
[Black "Åkesson, Joel"]
[Result "1/2-1/2"]
[WhiteElo "2331"]
[BlackElo "2332"]
[PlyCount "61"]
[EventDate "2007.08.11"]
[SourceDate "2007.08.11"]

1. d4 d5 2. c4 c6 3. Nf3 Nf6 4. e3 Bg4 5. Qb3 Qb6 6. Ne5 Bf5 7. cxd5 Qxb3 8.
axb3 Nxd5 9. Bd3 Bxd3 10. Nxd3 e6 11. e4 Nb4 12. Nxb4 Bxb4+ 13. Bd2 Be7 14. Nc3
O-O 15. Ke2 Rd8 16. Be3 Na6 17. Rhd1 Nc7 18. Rd2 a6 19. Rad1 Bb4 20. Rd3 f5 21.
f3 fxe4 22. fxe4 Rf8 23. Na4 Rf7 24. Nc5 Bxc5 25. dxc5 Raf8 26. Rd8 e5 27.
Rxf8+ Rxf8 28. Rd7 Rf7 29. Rd8+ Rf8 30. Rd7 Rf7 31. Rd8+ 1/2-1/2

[Event "Spiltan Fonder IM 2007"]
[Site "?"]
[Date "2007.08.19"]
[Round "9"]
[White "Åkesson, Joel"]
[Black "Polej, Vladimir"]
[Result "1-0"]
[WhiteElo "2326"]
[BlackElo "2332"]
[PlyCount "49"]
[EventDate "2007.08.11"]
[SourceDate "2007.08.11"]

1. d4 g6 2. c4 Bg7 3. g3 d5 4. cxd5 Qxd5 5. Nf3 Bg4 6. Nc3 Qa5 7. Bg2 Nc6 8.
O-O O-O-O 9. d5 e6 10. dxc6 Rxd1 11. cxb7+ Kxb7 12. Rxd1 Kc8 13. Nd4 Ne7 14.
Be3 Rd8 15. Ndb5 Nd5 16. Nxa7+ Kb7 17. Rac1 Bxc3 18. bxc3 Bxe2 19. Rd2 Bc4 20.
Rb1+ Ka6 21. Nc6 Qxc3 22. Nxd8 Nxe3 23. Bb7+ Ka5 24. Nc6+ Ka4 25. Rd8 1-0

[Event "Spiltan Fonder IM 2007"]
[Site "?"]
[Date "2007.08.19"]
[Round "9"]
[White "Vas, Peter"]
[Black "Krivonosov, Oleg"]
[Result "1/2-1/2"]
[WhiteElo "2152"]
[BlackElo "2437"]
[PlyCount "103"]
[EventDate "2007.08.11"]
[SourceDate "2007.08.11"]

1. e4 e5 2. Nf3 Nc6 3. Bc4 Nf6 4. d3 Bc5 5. O-O d6 6. c3 a6 7. Bb3 Ba7 8. Bc2
h6 9. Nbd2 O-O 10. h3 Re8 11. Re1 Be6 12. Nf1 d5 13. N3h2 dxe4 14. dxe4 Qxd1
15. Rxd1 Rad8 16. Be3 Bxe3 17. Nxe3 Kf8 18. f3 Na5 19. b4 Nc4 20. Nxc4 Bxc4 21.
Bb3 Be2 22. Rxd8 Rxd8 23. Kf2 Rd2 24. Ke3 Rb2 25. Rc1 Bb5 26. c4 Bd7 27. Rc2
Rb1 28. Ng4 Nxg4+ 29. hxg4 Ke7 30. Rd2 Rg1 31. Kf2 Rb1 32. Ke3 Be6 33. Kd3 Rg1
34. Kc3 Rc1+ 35. Kb2 Re1 36. Kc3 Re3+ 37. Rd3 Re2 38. Rd2 Rxd2 39. Kxd2 b6 40.
Kc3 Kd6 41. a3 c5 42. b5 Bc8 43. Bd1 a5 44. Kd3 Ke7 45. Ke3 Kf6 46. g3 Kg6 47.
Be2 f6 48. f4 Bd7 49. Kf2 Be8 50. Kg2 Kh7 51. Kh3 Bd7 52. f5 1/2-1/2

[Event "Spiltan Fonder IM 2007"]
[Site "?"]
[Date "2007.08.19"]
[Round "?"]
[White "Nithander, Victor"]
[Black "Ask, Josef"]
[Result "1-0"]
[WhiteElo "2350"]
[BlackElo "2211"]
[PlyCount "109"]
[EventDate "2007.08.11"]
[SourceDate "2007.08.11"]

1. e4 e5 2. Nf3 Nc6 3. Bb5 Nge7 4. O-O Ng6 5. c3 a6 6. Ba4 d5 7. exd5 Qxd5 8.
Bb3 Qd3 9. Ng5 Be7 10. Bc2 Qd8 11. Nf3 O-O 12. d4 exd4 13. Nxd4 Nxd4 14. cxd4
Bf6 15. d5 Be5 16. f4 Bd6 17. Nc3 f5 18. Be3 Qh4 19. Qd2 Bd7 20. g3 Qh3 21. Bd1
Rae8 22. Bf3 Re7 23. Bg2 Qh5 24. Bd4 Rfe8 25. Bf3 Qh3 26. Bg2 Qg4 27. Qf2 b6
28. Bf3 Qh3 29. a4 Bb4 30. Na2 Bd6 31. Nc1 a5 32. Nd3 Bc8 33. Rfe1 Ba6 34. Rxe7
Rxe7 35. Rd1 Bc4 36. Nc1 Bb4 37. b3 Ba6 38. Na2 Bd6 39. Nc3 Nf8 40. Re1 Rxe1+
41. Qxe1 h5 42. Be2 Bxe2 43. Qxe2 h4 44. Qh5 Qg4 45. Qxg4 fxg4 46. Nb5 Nd7 47.
Nxd6 cxd6 48. gxh4 Kf7 49. h5 Nc5 50. Kf2 Nxb3 51. Bxb6 Kf6 52. Ke2 Kf5 53. Ke3
Nc5 54. Bxc5 dxc5 55. Kd3 1-0